La ética del aborto y la eutanasia /

Guardado en:
Autor Principal: Farrell, Martin D.
Formato: Libro
Publicado: Buenos Aires : Abeledo-perrot, 1985
Materias:
Etiquetas: Agregar Etiqueta
Sin Etiquetas, Sea el primero en etiquetar este registro!
LEADER 00925nam a22002175a 4500
001 CEM.cems002375
005 20060217000000.0
008 130507s1985##################000#0#####d
003 CEMS
082 0 4 |a 364.15 
100 1 |a Farrell, Martin D. 
245 1 0 |a La ética del aborto y la eutanasia / 
260 |a Buenos Aires :  |b Abeledo-perrot,  |c 1985 
300 |a 121 p. 
505 0 |a Naturaleza y tradicion. Lo natural y la supersticion. La vida en su minima expresion. La sabiduria del cuerpo. La recomposicion de la tierra. Un conjunto formado por sus partes. El cerebro y su funcionamiento. El organo de union. El cerebro colabora con la psique. La alquimia de la Tierra. Dos formas de una mente unica. Altruismo 
653 |a Aborto 
653 |a Aborto y religion 
653 |a Aborto-etica del 
653 |a Aborto-legislacion 
653 |a Donacion c. basico 
859 |a CEMS  |b BIB. CEMS - 11 de abril  |h 364.15  |i F247  |p 15933.90  |t Ej.1